[Event "4th Cap Verde-ch 2020"]
[Site "Mindelo"]
[Date "2020.10.16"]
[Round "1.1"]
[White "Ortega Amarelle, Mariano"]
[Black "Jimenez Almeida, Luis David"]
[Result "1-0"]
[WhiteElo "2458"]
[BlackElo "2285"]
[Annotator "RC"]
[PlyCount "61"]
[EventDate "2020.10.08"]
[EventType "swiss"]
[SourceTitle "playchess.com"]
[Source "ChessBase"]
[SourceQuality "1"]
[TimeControl "40/5400+30:1800+30"]

1. Nf3 {[%emt 0:00:00]} Nc6 {[%emt 0:00:09]} 2. d4 {[%emt 0:00:00]} d5 {[%emt 0:00:16]} 3. c4 {[%emt 0:00:14]} e6 {[%emt 0:00:39]} 4. Nc3 {[%emt 0:00:12]} Nf6 {[%emt 0:01:03]} 5. a3 {[%emt 0:00:48]} Be7 {[%emt 0:01:19]} 6. Bf4 {[%emt 0:00:13]} O-O {[%emt 0:01:04]} 7. e3 {[%emt 0:00:14]} b6 {[%emt 0:01:40]} 8. Qc2 {[%emt 0:00:19]} Bd6 {[%emt 0:03:04]} 9. Bg5 {[%emt 0:00:45]} h6 {[%emt 0:00:26]} 10. Bxf6 {[%emt 0:00:12]} Qxf6 {[%emt 0:00:29]} 11. cxd5 {[%emt 0:00:07]} exd5 {[%emt 0:00:55]} 12. Nxd5 {[%emt 1:32:56]} Qd8 {[%emt 0:01:41]} 13. Qxc6 {[%emt 0:00:00]} Bd7 {[%emt 0:00:58]} 14. Qc2 {[%emt 0:00:00]} Be6 {[%emt 0:01:15]} 15. Nc3 {[%emt 0:00:00]} Rc8 {[%emt 0:01:01]} 16. Ba6 {[%emt 0:00:00]} Rb8 {[%emt 0:00:32]} 17. h3 {[%emt 0:00:00]} Qf6 {[%emt 0:00:40]} 18. Bd3 {[%emt 0:00:00]} Rfe8 {[%emt 0:02:23]} 19. Ne4 {[%emt 0:00:00]} Qg6 {[%emt 0:00:33]} 20. Nxd6 {[%emt 0:00:00]} Qxg2 {[%emt 0:00:10]} 21. Ke2 {[%emt 0:00:00]} Red8 {[%emt 0:00:53]} 22. Rag1 {[%emt 0:00:00]} Bxh3 {[%emt 0:01:01]} 23. Rxg2 {[%emt 0:00:00]} Bxg2 {[%emt 0:00:30]} 24. Bh7+ {[%emt 0:00:00]} Kf8 {[%emt 0:00:57]} 25. Qxc7 {[%emt 0:00:00]} Rxd6 {[%emt 0:01:38]} 26. Qxd6+ {[%emt 0:00:00]} Ke8 {[%emt 0:00:27]} 27. Qxb8+ {[%emt 0:00:00]} Ke7 {[%emt 0:00:27]} 28. Qc7+ {[%emt 0:00:00]} Ke8 {[%emt 0:00:24]} 29. Ne5 {[%emt 0:00:00]} Bd5 {[%emt 0:01:18]} 30. Qd7+ {[%emt 0:00:00]} Kf8 {[%emt 0:00:28]} 31. Qd8# {[%emt 0:00:00]} 1-0

[Event "4th Cap Verde-ch 2020"]
[Site "Mindelo"]
[Date "2020.10.16"]
[Round "1.3"]
[White "Elci, Pereira Diniz"]
[Black "Fonseca Cabrera, Ernesto"]
[Result "1-0"]
[WhiteElo "2288"]
[BlackElo "2222"]
[Annotator "TA"]
[PlyCount "47"]
[EventDate "2020.10.08"]
[EventType "swiss"]
[SourceTitle "playchess.com"]
[Source "ChessBase"]
[SourceQuality "1"]

{[%evp 11,47,0,19,18,14,16,96,-58,50,54,107,66,132,142,171,164,387,395,402,372,628,452,656,715,716,694,797,738,812,799,927,939,1779,1722,2399,2687,29986,6877]} 1. e4 e6 2. d4 d5 3. e5 c5 4. c3 Nc6 5. Nf3 Qb6 6. a3 Nge7 7. b4 {7.Bd3 is the hot move. C02: French: Advance Variation.} cxd4 8. cxd4 Ng6 (8... Nf5 $11 {remains equal.}) 9. Bd3 $2 {[#]} (9. Nc3 $16) 9... Bd7 (9... Nh4 $1 $15 10. Be3 Nxg2+ 11. Kf1 Nxe3+ 12. fxe3 g6) 10. Be3 Be7 ({Better is} 10... Rc8 $14) 11. Nbd2 {[#]} Qc7 $146 ({Black should try} 11... Nd8 $14) ({Predecessor:} 11... Rc8 12. h4 Qd8 13. h5 Nf8 14. g3 h6 15. Nh4 Nh7 16. Qg4 Kf8 17. Ndf3 Ng5 {1-0 (28) Maulana,Y-Apurva,A (1886) Singapore 2004}) 12. Rc1 Qd8 13. h4 Nxh4 $2 (13... h6 14. h5 Nf8) 14. Nxh4 $18 Bxh4 15. Qg4 Bxf2+ $2 (15... Be7 16. Qxg7 Rf8 17. Rxh7 Qb6) 16. Bxf2 g6 (16... Kf8 $142 17. Nb3 Ne7) 17. Bh4 Ne7 18. Bf6 h5 19. Qg5 Rg8 20. Nf3 Rc8 21. Rxc8 {[%mdl 64] [#] Overworked Piece} Qxc8 22. Bxe7 Qc3+ 23. Ke2 {Intending Bd6 and mate.} Qb2+ 24. Ke3 {Av CentiPawn Loss W=-65/B=-187. Weighted=-49/-151} 1-0

[Event "4th Cap Verde-ch 2020"]
[Site "Mindelo"]
[Date "2020.10.16"]
[Round "1.4"]
[White "Gomes, Luiz Alexandre de So"]
[Black "Monteiro, Paulo Alexandre G"]
[Result "0-1"]
[WhiteElo "2335"]
[BlackElo "2049"]
[Annotator "TA"]
[PlyCount "68"]
[EventDate "2020.10.08"]
[EventType "swiss"]
[SourceTitle "playchess.com"]
[Source "ChessBase"]
[SourceQuality "1"]

{[%evp 9,68,-38,-39,-49,-54,-60,-37,-56,-35,-95,-86,-526,-413,-454,-471,-772,-780,-991,-627,-687,-501,-697,-615,-612,-612,-968,-961,-904,-768,-755,-741,-742,-750,-746,-745,-733,-723,-800,-839,-864,-872,-827,-778,-975,-968,-950,-947,-919,-930,-993,-916,-1072,-1069,-1570,-1536,-1468,-1430,-29949,-6994,-29991,-29992]} 1. e4 e6 2. Nc3 d5 3. exd5 exd5 4. Qe2+ Be7 5. d4 Nf6 6. Bg5 {C00: French: Unusual White 2nd moves.} O-O 7. O-O-O c6 8. h4 {Black is slightly better.} b5 9. Bxf6 ({Better is} 9. Re1 $15 Bd6 10. Qd2) 9... Bxf6 $17 {[#]} 10. b4 $146 {[%mdl 8192] [#]} (10. Nf3 $17) ({Predecessor:} 10. g4 Re8 11. Qf3 Qb6 12. g5 Bxd4 13. Nge2 Bxc3 14. Nxc3 Nd7 15. h5 Ne5 16. Qg3 {0-1 (48) Salgues,M (1711)-Ravry,K (1767) Aix les Bains 2007}) 10... Qd6 11. a3 a5 {[%cal Ba7a5,Ba5b4,Bb4a3][%mdl 32]} 12. Na2 (12. Nb1 $142 axb4 13. axb4) 12... axb4 $19 13. Kb2 bxa3+ 14. Kc1 Bf5 15. Qf3 Qd7 16. Bd3 Bg4 {[%mdl 64] [#] Skewer} 17. Bxh7+ Kxh7 18. Qd3+ Qf5 19. f3 Qxd3 20. Rxd3 Bf5 21. Rd2 Nd7 22. g4 Be6 23. g5 Be7 24. f4 b4 25. h5 Rh8 26. Rg2 Rab8 27. g6+ fxg6 28. hxg6+ Kg8 29. Rxh8+ Kxh8 30. Rh2+ Kg8 31. Ne2 b3 32. cxb3 Rxb3 33. Ng3 Rxg3 34. Nb4 Bxb4 {White did not feel at home in the position after the opening. Av CentiPawn Loss W=-126/B=-74. Weighted=-230/-55} 0-1

[Event "4th Cap Verde-ch 2020"]
[Site "Mindelo"]
[Date "2020.10.16"]
[Round "2.1"]
[White "Fernandes, Giorgio Lucio"]
[Black "Ortega Amarelle, Mariano"]
[Result "0-1"]
[WhiteElo "1989"]
[BlackElo "2458"]
[Annotator "RC"]
[PlyCount "52"]
[EventDate "2020.10.08"]
[EventType "swiss"]
[SourceTitle "playchess.com"]
[Source "ChessBase"]
[SourceQuality "1"]
[TimeControl "40/5400+30:1800+30"]

1. e4 {[%emt 0:00:00]} c5 {[%emt 0:00:00]} 2. Nf3 {[%emt 0:00:00]} d6 {[%emt 0:00:00]} 3. d4 {[%emt 0:00:35]} cxd4 {[%emt 0:00:08]} 4. Nxd4 {[%emt 0:00:28]} Nf6 {[%emt 0:00:06]} 5. Nc3 {[%emt 0:00:25]} a6 {[%emt 0:00:17]} 6. Bg5 {[%emt 0:01:28]} e6 {[%emt 0:01:07]} 7. Qd2 {[%emt 0:06:28]} Nbd7 {[%emt 0:00:43]} 8. Bc4 {[%emt 0:06:08]} Nc5 {[%emt 0:01:49]} 9. b4 {[%emt 0:03:20]} Ncxe4 {[%emt 0:02:17]} 10. Nxe4 {[%emt 0:00:21]} Nxe4 {[%emt 0:00:11]} 11. Bxd8 {[%emt 0:00:38]} Nxd2 {[%emt 0:00:10]} 12. Kxd2 {[%emt 0:03:33]} Kxd8 {[%emt 0:00:07]} 13. f4 {[%emt 0:02:14]} d5 {[%emt 0:00:11]} 14. Bd3 {[%emt 0:00:12]} Bxb4+ {[%emt 0:00:14]} 15. c3 {[%emt 0:00:59]} Bd6 {[%emt 0:00:07]} 16. g3 {[%emt 0:00:58]} Kc7 {[%emt 0:05:50]} 17. c4 {[%emt 0:00:26]} dxc4 {[%emt 0:00:25]} 18. Bxc4 {[%emt 0:00:02]} b5 {[%emt 0:01:27]} 19. Bb3 {[%emt 0:01:04]} Bb7 {[%emt 0:00:16]} 20. Rhc1+ {[%emt 0:00:22]} Kb6 {[%emt 0:00:23]} 21. a4 {[%emt 0:02:09]} Rhd8 {[%emt 0:00:41]} 22. a5+ {[%emt 0:00:27]} Ka7 {[%emt 0:00:12]} 23. Ke3 {[%emt 0:01:22]} Rac8 {[%emt 0:00:17]} 24. Nf3 {[%emt 0:03:45]} Bc5+ {[%emt 0:00:38]} 25. Ke2 {[%emt 0:00:14]} Bxf3+ {[%emt 0:00:10]} 26. Kxf3 {[%emt 0:00:24]} Rd3+ {[%emt 1:25:14]} 0-1

[Event "4th Cap Verde-ch 2020"]
[Site "Mindelo"]
[Date "2020.10.16"]
[Round "2.1"]
[White "Fernandes, Luis De Pina"]
[Black "Ortega Amarelle, Mariano"]
[Result "0-1"]
[WhiteElo "1606"]
[BlackElo "2458"]
[Annotator "TA"]
[PlyCount "52"]
[EventDate "2020.10.08"]
[EventType "swiss"]
[SourceTitle "playchess.com"]
[Source "ChessBase"]
[SourceQuality "1"]

{[%evp 13,52,3,4,0,29,-166,-164,-167,-162,-162,-161,-164,-163,-257,-251,-263,-262,-264,-250,-243,-218,-315,-321,-285,-229,-280,-278,-365,-346,-380,-359,-462,-361,-450,-454,-823,-817,-808,-802,-789,-781]} 1. e4 {CB} c5 2. Nf3 d6 3. d4 cxd4 4. Nxd4 Nf6 5. Nc3 a6 6. Bg5 e6 7. Qd2 Nbd7 {[%cal Bb8d7,Bd7c5,Bc5e4][%mdl 32]} 8. Bc4 {B95: Sicilian Najdorf: 6 Bg5 e6, unusual White 7th moves.} Nc5 {[#]} (8... h6 {seems wilder.} 9. Be3 Ne5 10. Bb3 Qc7 11. f4 Nc4) 9. b4 $146 (9. Bxf6 $11 Qxf6 10. a4) ({Predecessor:} 9. Bxf6 Qxf6 10. a3 b5 11. Ba2 Bb7 12. O-O-O Be7 13. Rhe1 g5 14. Kb1 O-O-O 15. f3 h5 {½-½ (40) Felgaer,R (2549)-Mareco,S (2592) Saenz Pena 2014 CBM 161 Extra [CB]}) 9... Ncxe4 $19 10. Nxe4 {Black is clearly better.} Nxe4 {[%mdl 64] [#] Discovered Attack} 11. Bxd8 Nxd2 12. Kxd2 {Threatens to win with Ba5.} Kxd8 13. f4 (13. c3 {might work better.}) 13... d5 14. Bd3 Bxb4+ 15. c3 Bd6 16. g3 Kc7 17. c4 (17. a4 $142) 17... dxc4 18. Bxc4 b5 19. Bb3 Bb7 20. Rhc1+ Kb6 21. a4 Rhd8 22. a5+ Ka7 23. Ke3 Rac8 {Black is clearly winning.} 24. Nf3 (24. Rc2 $142) 24... Bc5+ 25. Ke2 Bxf3+ {[%mdl 64] [#] Overworked Piece} 26. Kxf3 Rd3+ {[%mdl 64] Double Attack. White did not feel at home in the position after the opening. Av CentiPawn Loss W=-51/B=-16. Weighted=-80/-14} 0-1

[Event "4th Cap Verde-ch 2020"]
[Site "Mindelo"]
[Date "2020.10.16"]
[Round "2.2"]
[White "Bernal Ladron de Guevara, Carlos"]
[Black "Silva, Luis Neves Da"]
[Result "1-0"]
[WhiteElo "2303"]
[BlackElo "2379"]
[Annotator "ChessBase"]
[PlyCount "171"]
[EventDate "2020.10.08"]
[EventType "swiss"]
[SourceTitle "playchess.com"]
[Source "ChessBase"]
[SourceQuality "1"]
[TimeControl "40/5400+30:1800+30"]

1. e4 {[%emt 0:00:00]} d5 {[%emt 0:00:00]} 2. exd5 {[%emt 0:05:18]} Qxd5 {[%emt 0:00:00]} 3. Nc3 {[%emt 0:00:09]} Qd8 {[%emt 0:00:05]} 4. d4 {[%emt 0:01:47]} Nf6 {[%emt 0:01:57]} 5. Nf3 {[%emt 0:01:27]} Bg4 {[%emt 0:01:32]} 6. h3 {[%emt 0:01:46]} Bxf3 {[%emt 0:02:17]} 7. Qxf3 {[%emt 0:02:55]} c6 {[%emt 0:00:11]} 8. Be3 {[%emt 0:06:03]} e6 {[%emt 0:01:08]} 9. a3 {[%emt 0:06:29]} Nbd7 {[%emt 0:04:49]} 10. Be2 {[%emt 0:08:39]} Bd6 {[%emt 0:04:29]} 11. O-O {[%emt 0:03:58]} O-O {[%emt 0:03:27]} 12. Rad1 {[%emt 0:01:08]} a5 {[%emt 0:05:54]} 13. Bg5 {[%emt 0:00:58]} Be7 {[%emt 0:05:54]} 14. Qg3 {[%emt 0:04:05]} Nd5 {[%emt 0:10:35]} 15. Bh6 {[%emt 0:02:34]} Bf6 {[%emt 0:09:42]} 16. Ne4 {[%emt 0:01:55]} Qe7 {[%emt 0:02:47]} 17. Nxf6+ {[%emt 0:04:10]} Qxf6 {[%emt 0:00:11]} 18. Bg5 {[%emt 0:04:27]} Qg6 {[%emt 0:00:55]} 19. f4 {[%emt 0:05:05]} h6 {[%emt 0:04:10]} 20. Bd3 {[%emt 0:02:08]} f5 {[%emt 0:01:02]} 21. Bh4 {[%emt 0:01:56]} Qxg3 {[%emt 0:00:24]} 22. Bxg3 {[%emt 0:00:03]} Ne3 {[%emt 0:00:21]} 23. Rde1 {[%emt 0:00:12]} Nxf1 {[%emt 0:00:32]} 24. Kxf1 {[%emt 0:00:28]} Rfe8 {[%emt 0:02:00]} 25. Bc4 {[%emt 0:01:01]} Kf7 {[%emt 0:01:12]} 26. a4 {[%emt 0:02:09]} Nf8 {[%emt 0:05:05]} 27. h4 {[%emt 0:01:29]} h5 {[%emt 0:01:47]} 28. c3 {[%emt 0:06:18]} Kf6 {[%emt 0:01:56]} 29. Ra1 {[%emt 0:01:22]} Nd7 {[%emt 0:06:10]} 30. Be2 {[%emt 0:02:36]} g6 {[%emt 0:00:31]} 31. Bf2 {[%emt 0:01:50]} b6 {[%emt 0:03:01]} 32. Bc4 {[%emt 0:02:59]} Rec8 {[%emt 0:03:10]} 33. Re1 {[%emt 0:01:48]} Re8 {[%emt 0:02:15]} 34. Ke2 {[%emt 0:02:00]} Re7 {[%emt 0:01:04]} 35. Kd2 {[%emt 0:01:31]} c5 {[%emt 0:01:06]} 36. Kc2 {[%emt 0:01:00]} cxd4 {[%emt 0:02:39]} 37. Bxd4+ {[%emt 0:02:19]} Kf7 {[%emt 0:00:14]} 38. Bb5 {[%emt 0:02:42]} Rb8 {[%emt 0:02:00]} 39. b4 {[%emt 0:02:35]} Nf8 {[%emt 0:02:43]} 40. Be5 {[%emt 0:01:01]} Rd8 {[%emt 0:01:35]} 41. Bd4 {[%emt 0:31:00]} Rb7 {[%emt 0:32:24]} 42. Kb3 {[%emt 0:02:01]} Nd7 {[%emt 0:01:36]} 43. Bc4 {[%emt 0:04:02]} Re8 {[%emt 0:01:28]} 44. Bb5 {[%emt 0:00:00]} Re7 {[%emt 0:00:00]} 45. Bc6 {[%emt 0:00:00]} Rb8 {[%emt 0:00:00]} 46. Bb5 {[%emt 0:00:00]} Nf6 {[%emt 0:00:00]} 47. bxa5 {[%emt 0:00:00]} bxa5 {[%emt 0:00:00]} 48. c4 {[%emt 0:00:00]} Ne4 {[%emt 0:00:00]} 49. c5 {[%emt 0:00:00]} Rd7 {[%emt 0:00:00]} 50. Be5 {[%emt 0:00:00]} Rxb5+ {[%emt 0:00:00]} 51. axb5 {[%emt 0:00:00]} Nxc5+ {[%emt 0:00:00]} 52. Kc4 {[%emt 0:00:00]} Nd3 {[%emt 0:00:00]} 53. Rb1 {[%emt 0:00:00]} Nxe5+ {[%emt 0:00:00]} 54. fxe5 {[%emt 0:00:00]} Rc7+ {[%emt 0:00:00]} 55. Kd4 {[%emt 0:00:00]} Ke7 {[%emt 0:00:00]} 56. b6 {[%emt 0:00:00]} Rb7 {[%emt 0:00:00]} 57. Kc5 {[%emt 0:00:00]} Kd7 {[%emt 0:00:00]} 58. Ra1 {[%emt 0:00:10]} Rb8 {[%emt 0:01:14]} 59. Rxa5 {[%emt 0:00:02]} Rc8+ {[%emt 0:00:07]} 60. Kb5 {[%emt 0:00:25]} Rc1 {[%emt 0:01:35]} 61. Ka6 {[%emt 0:02:08]} Kc6 {[%emt 0:00:44]} 62. Ra2 {[%emt 0:00:45]} Rb1 {[%emt 0:02:00]} 63. Rc2+ {[%emt 0:00:04]} Kd5 {[%emt 0:00:15]} 64. Kb7 {[%emt 0:00:13]} Kxe5 {[%emt 0:01:44]} 65. Kc7 {[%emt 0:00:04]} Kf4 {[%emt 0:00:23]} 66. b7 {[%emt 0:00:06]} e5 {[%emt 0:01:09]} 67. b8=Q {[%emt 0:00:12]} Rxb8 {[%emt 0:00:37]} 68. Kxb8 {[%emt 0:00:01]} e4 {[%emt 0:00:10]} 69. Kc7 {[%emt 0:00:21]} g5 {[%emt 0:00:14]} 70. hxg5 {[%emt 0:00:15]} Kxg5 {[%emt 0:00:05]} 71. Kd6 {[%emt 0:00:33]} e3 {[%emt 0:00:49]} 72. Ke5 {[%emt 0:00:15]} Kg4 {[%emt 0:00:55]} 73. Kd4 {[%emt 0:03:11]} f4 {[%emt 0:00:28]} 74. Kd3 {[%emt 0:00:09]} Kg3 {[%emt 0:00:17]} 75. Ke2 {[%emt 0:00:33]} Kxg2 {[%emt 0:00:19]} 76. Rc5 {[%emt 0:00:50]} f3+ {[%emt 0:00:43]} 77. Kxe3 {[%emt 0:00:06]} f2 {[%emt 0:00:10]} 78. Rg5+ {[%emt 0:00:25]} Kf1 {[%emt 0:00:29]} 79. Rf5 {[%emt 0:00:37]} Kg2 {[%emt 0:01:45]} 80. Rxf2+ {[%emt 0:00:08]} Kg3 {[%emt 0:00:16]} 81. Rf6 {[%emt 0:00:53]} Kg4 {[%emt 0:00:38]} 82. Kf2 {[%emt 0:00:26]} Kh4 {[%emt 0:00:43]} 83. Rg6 {[%emt 0:00:46]} Kh3 {[%emt 0:00:26]} 84. Kf3 {[%emt 0:00:28]} Kh4 {[%emt 0:02:57]} 85. Rg1 {[%emt 0:00:21]} Kh3 {[%emt 0:00:45]} 86. Rh1# {[%emt 0:00:03]} 1-0

[Event "4th Cap Verde-ch 2020"]
[Site "Mindelo"]
[Date "2020.10.16"]
[Round "2.2"]
[White "Rodriguez Guevara, Celia M."]
[Black "Neves, Diogo Alexandre"]
[Result "1-0"]
[WhiteElo "1858"]
[BlackElo "1573"]
[Annotator "NA"]
[PlyCount "171"]
[EventDate "2020.10.08"]
[EventType "swiss"]
[SourceTitle "playchess.com"]
[Source "ChessBase"]
[SourceQuality "1"]
[TimeControl "40/5400+30:1800+30"]

1. e4 {[%emt 0:00:00]} d5 {[%emt 0:00:00]} 2. exd5 {[%emt 0:05:18]} Qxd5 {[%emt 0:00:00]} 3. Nc3 {[%emt 0:00:09]} Qd8 {[%emt 0:00:05]} 4. d4 {[%emt 0:01:47]} Nf6 {[%emt 0:01:57]} 5. Nf3 {[%emt 0:01:27]} Bg4 {[%emt 0:01:32]} 6. h3 {[%emt 0:01:46]} Bxf3 {[%emt 0:02:17] B01: Scandinavian Defence.} 7. Qxf3 {[%emt 0:02:55]} c6 {[%emt 0:00:11]} 8. Be3 {[%emt 0:06:03]} e6 {[%emt 0:01:08]} 9. a3 {[%emt 0:06:29]} Nbd7 {[%emt 0:04:49]} 10. Be2 {[%emt 0:08:39]} Bd6 {[%emt 0:04:29]} 11. O-O {[%emt 0:03:58]} O-O {[%emt 0:03:27] [#]} 12. Rad1 $146 {[%emt 0:01:08]} ({Predecessor:} 12. Bf4 Qc7 13. Bxd6 Qxd6 14. Rad1 Nb6 15. Rfe1 Nbd5 16. Ne4 Nxe4 17. Qxe4 Nf6 18. Qh4 {½-½ (47) Lenzen,M (2044)-Baerner,H (2138) Gerlingen 2007}) 12... a5 {[%emt 0:05:54]} 13. Bg5 {[%emt 0:00:58]} Be7 {[%emt 0:05:54]} 14. Qg3 {[%emt 0:04:05]} Nd5 {[%emt 0:10:35]} (14... Nh5 $11 {remains equal.} 15. Bxh5 Bxg5) 15. Bh6 {[%emt 0:02:34]} Bf6 {[%emt 0:09:42]} 16. Ne4 {[%emt 0:01:55]} Qe7 {[%emt 0:02:47]} (16... b5 $16 {is a better defense.}) 17. Nxf6+ {[%emt 0:04:10]} (17. c4 $18 N5b6 18. Bf4) 17... Qxf6 {[%emt 0:00:11]} 18. Bg5 {[%emt 0:04:27]} Qg6 {[%emt 0:00:55]} 19. f4 {[%emt 0:05:05]} h6 {[%emt 0:04:10]} 20. Bd3 {[%emt 0:02:08]} f5 {[%emt 0:01:02]} 21. Bh4 $2 {[%emt 0:01:56]} (21. c4 $1 $14 {was the only good move.}) 21... Qxg3 {[%emt 0:00:24]} 22. Bxg3 {[%emt 0:00:03]} Ne3 {[%emt 0:00:21]} 23. Rde1 {[%emt 0:00:12]} Nxf1 {[%emt 0:00:32]} 24. Kxf1 {[%emt 0:00:28]} Rfe8 {[%emt 0:02:00]} 25. Bc4 {[%emt 0:01:01]} Kf7 {[%emt 0:01:12]} 26. a4 {[%emt 0:02:09]} Nf8 {[%emt 0:05:05]} 27. h4 {[%emt 0:01:29]} h5 {[%emt 0:01:47]} 28. c3 {[%emt 0:06:18]} Kf6 {[%emt 0:01:56]} 29. Ra1 {[%emt 0:01:22]} Nd7 {[%emt 0:06:10]} 30. Be2 {[%emt 0:02:36]} g6 {[%emt 0:00:31]} 31. Bf2 {[%emt 0:01:50]} b6 {[%emt 0:03:01]} 32. Bc4 $1 $11 {[%emt 0:02:59] and White has nothing to worry.} Rec8 {[%emt 0:03:10]} 33. Re1 {[%emt 0:01:48]} Re8 {[%emt 0:02:15]} 34. Ke2 $2 {[%emt 0:02:00]} Re7 {[%emt 0:01:04]} 35. Kd2 {[%emt 0:01:31]} c5 {[%emt 0:01:06]} 36. Kc2 {[%emt 0:01:00]} cxd4 {[%emt 0:02:39]} 37. Bxd4+ {[%emt 0:02:19]} Kf7 {[%emt 0:00:14]} 38. Bb5 {[%emt 0:02:42]} Rb8 {[%emt 0:02:00]} 39. b4 {[%emt 0:02:35]} Nf8 {[%emt 0:02:43]} 40. Be5 {[%emt 0:01:01]} Rd8 {[%emt 0:01:35]} 41. Bd4 {[%emt 0:31:00]} Rb7 {[%emt 0:32:24]} 42. Kb3 {[%emt 0:02:01]} Nd7 {[%emt 0:01:36]} 43. Bc4 {[%emt 0:04:02]} Re8 {[%emt 0:01:28]} 44. Bb5 {[%emt 0:00:00]} Re7 {[%emt 0:00:00]} 45. Bc6 {[%emt 0:00:00]} Rb8 {[%emt 0:00:00]} 46. Bb5 {[%emt 0:00:00]} (46. Kc4 $14) 46... Nf6 {[%emt 0:00:00]} 47. bxa5 {[%emt 0:00:00]} bxa5 {[%emt 0:00:00]} 48. c4 {[%emt 0:00:00]} Ne4 {[%emt 0:00:00]} 49. c5 {[%emt 0:00:00]} Rd7 {[%emt 0:00:00]} 50. Be5 {[%emt 0:00:00]} Rxb5+ {[%emt 0:00:00]} 51. axb5 {[%emt 0:00:00]} Nxc5+ {[%emt 0:00:00]} 52. Kc4 {[%emt 0:00:00]} Nd3 {[%emt 0:00:00]} 53. Rb1 {[%emt 0:00:00]} Nxe5+ {[%emt 0:00:00]} 54. fxe5 {[%emt 0:00:00]} Rc7+ {[%emt 0:00:00]} 55. Kd4 {[%emt 0:00:00]} Ke7 {[%emt 0:00:00]} 56. b6 {[%emt 0:00:00]} Rb7 {[%emt 0:00:00]} 57. Kc5 {[%emt 0:00:00]} Kd7 {[%emt 0:00:00]} 58. Ra1 {[%emt 0:00:10]} Rb8 {[%emt 0:01:14]} 59. Rxa5 {[%emt 0:00:02]} Rc8+ {[%emt 0:00:07]} 60. Kb5 {[%emt 0:00:25]} Rc1 {[%emt 0:01:35]} 61. Ka6 {[%emt 0:02:08]} Kc6 {[%emt 0:00:44]} 62. Ra2 {[%emt 0:00:45]} Rb1 {[%emt 0:02:00]} 63. Rc2+ {[%emt 0:00:04]} Kd5 {[%emt 0:00:15]} 64. Kb7 {[%emt 0:00:13]} Kxe5 {[%emt 0:01:44]} 65. Kc7 {[%emt 0:00:04]} Kf4 {[%emt 0:00:23]} 66. b7 {[%emt 0:00:06]} e5 {[%emt 0:01:09]} 67. b8=Q {[%emt 0:00:12]} Rxb8 {[%emt 0:00:37]} 68. Kxb8 {[%emt 0:00:01]} e4 {[%emt 0:00:10]} 69. Kc7 {[%emt 0:00:21]} g5 {[%emt 0:00:14]} 70. hxg5 {[%emt 0:00:15]} Kxg5 {[%emt 0:00:05]} 71. Kd6 {[%emt 0:00:33]} e3 {[%emt 0:00:49]} 72. Ke5 {[%emt 0:00:15]} Kg4 {[%emt 0:00:55]} 73. Kd4 {[%emt 0:03:11]} f4 {[%emt 0:00:28]} 74. Kd3 {[%emt 0:00:09]} Kg3 {[%emt 0:00:17]} 75. Ke2 {[%emt 0:00:33]} Kxg2 {[%emt 0:00:19]} 76. Rc5 {[%emt 0:00:50]} f3+ {[%emt 0:00:43]} 77. Kxe3 {[%emt 0:00:06]} f2 {[%emt 0:00:10]} 78. Rg5+ {[%emt 0:00:25]} Kf1 {[%emt 0:00:29]} 79. Rf5 {[%emt 0:00:37]} Kg2 {[%emt 0:01:45]} 80. Rxf2+ {[%emt 0:00:08]} Kg3 {[%emt 0:00:16]} 81. Rf6 {[%emt 0:00:53]} Kg4 {[%emt 0:00:38]} 82. Kf2 {[%emt 0:00:26]} Kh4 {[%emt 0:00:43]} 83. Rg6 {[%emt 0:00:46]} Kh3 {[%emt 0:00:26]} 84. Kf3 {[%emt 0:00:28]} Kh4 {[%emt 0:02:57]} 85. Rg1 {[%emt 0:00:21]} Kh3 {[%emt 0:00:45]} 86. Rh1# {[%emt 0:00:03]} 1-0

[Event "4th Cap Verde-ch 2020"]
[Site "Mindelo"]
[Date "2020.10.16"]
[Round "2.3"]
[White "Fortes, Amaral"]
[Black "Elci, Pereira Diniz"]
[Result "1/2-1/2"]
[WhiteElo "1624"]
[BlackElo "2288"]
[Annotator "ChessBase"]
[PlyCount "94"]
[EventDate "2020.10.08"]
[EventType "swiss"]
[SourceTitle "playchess.com"]
[Source "ChessBase"]
[SourceQuality "1"]
[TimeControl "40/5400+30:1800+30"]

1. Nf3 {[%emt 0:00:00]} d5 {[%emt 0:08:01]} 2. d4 {[%emt 0:00:09]} Nf6 {[%emt 0:01:40]} 3. c4 {[%emt 0:00:48]} e6 {[%emt 0:00:11]} 4. Nc3 {[%emt 0:00:24]} Be7 {[%emt 0:00:23]} 5. e3 {[%emt 0:03:15]} O-O {[%emt 0:00:26]} 6. Bd3 {[%emt 0:00:22]} a6 {[%emt 0:02:47]} 7. a4 {[%emt 0:00:39]} b6 {[%emt 0:01:18]} 8. O-O {[%emt 0:00:53]} Bb7 {[%emt 0:00:30]} 9. Qc2 {[%emt 0:02:15]} dxc4 {[%emt 0:08:10]} 10. Bxc4 {[%emt 0:01:39]} Bxf3 {[%emt 0:00:27]} 11. gxf3 {[%emt 0:00:12]} Nbd7 {[%emt 0:00:16]} 12. e4 {[%emt 0:03:54]} c6 {[%emt 0:10:20]} 13. e5 {[%emt 0:07:27]} Nh5 {[%emt 0:05:48]} 14. Bd3 {[%emt 0:01:12]} g6 {[%emt 0:00:15]} 15. Ne4 {[%emt 0:02:44]} c5 {[%emt 0:01:58]} 16. Bh6 {[%emt 0:05:44]} Re8 {[%emt 0:01:30]} 17. Nd6 {[%emt 0:05:18]} Bg5 {[%emt 0:05:11]} 18. Nxe8 {[%emt 0:06:44]} Bxh6 {[%emt 0:00:20]} 19. Nf6+ {[%emt 0:00:24]} Ndxf6 {[%emt 0:00:11]} 20. exf6 {[%emt 0:00:12]} Qxf6 {[%emt 0:00:15]} 21. Rfe1 {[%emt 0:02:39]} Qg5+ {[%emt 0:14:35]} 22. Kh1 {[%emt 0:00:23]} Nf4 {[%emt 0:13:06]} 23. Bf1 {[%emt 0:00:22]} Qd5 {[%emt 0:00:30]} 24. Qe4 {[%emt 0:01:36]} cxd4 {[%emt 0:03:34]} 25. Rad1 {[%emt 0:02:14]} Rd8 {[%emt 0:08:12]} 26. Qxd5 {[%emt 0:02:04]} Rxd5 {[%emt 0:00:14]} 27. Bxa6 {[%emt 0:00:15]} Nh3 {[%emt 0:00:57]} 28. Kg2 {[%emt 0:00:40]} Nf4+ {[%emt 0:00:09]} 29. Kh1 {[%emt 0:03:08]} d3 {[%emt 0:03:25]} 30. Bc4 {[%emt 0:06:23]} Rd8 {[%emt 0:04:30]} 31. b4 {[%emt 0:01:10]} d2 {[%emt 0:00:23]} 32. Re4 {[%emt 0:01:49]} Nd5 {[%emt 0:03:24]} 33. Bb3 {[%emt 0:00:21]} Nc3 {[%emt 0:00:15]} 34. Ra1 {[%emt 0:01:19]} Nxe4 {[%emt 0:00:54]} 35. fxe4 {[%emt 0:00:12]} Rc8 {[%emt 0:01:44]} 36. Rf1 {[%emt 0:02:18]} Rc1 {[%emt 0:01:32]} 37. Kg2 {[%emt 0:00:28]} Rxf1 {[%emt 0:00:24]} 38. Kxf1 {[%emt 0:00:04]} Bf8 {[%emt 0:00:13]} 39. a5 {[%emt 0:00:26]} bxa5 {[%emt 0:00:13]} 40. bxa5 {[%emt 0:00:25]} Bc5 {[%emt 0:00:16]} 41. Ke2 {[%emt 0:30:23]} Kg7 {[%emt 0:30:29]} 42. a6 {[%emt 0:00:22]} g5 {[%emt 0:00:36]} 43. f3 {[%emt 0:00:47]} Kf6 {[%emt 0:00:40]} 44. Kxd2 {[%emt 0:00:27]} Ke5 {[%emt 0:00:26]} 45. Ba4 {[%emt 0:01:06]} Kf4 {[%emt 0:00:22]} 46. Ke2 {[%emt 0:00:30]} f6 {[%emt 0:01:01]} 47. Bd7 {[%emt 0:00:31]} e5 {[%emt 0:00:51]} 1/2-1/2